000 00941nam a2200217Ii 4500
003 JO-AjNU
008 230605s9999||||xx |||||||||||||| ||und||
017 _a1994/8/829
040 _aJO-AjNU
_bara
_erda
_cJO-AjNU
041 _aara
050 1 4 _aKMM50.Z8236.1995
100 3 _aالزعبي، خالد يوسف الفندي,
_eauthor
_946876
245 0 0 _aالدعوى : أصول إجراءات المحاكمة والتقاضي أمام المحاكم النظامية من الناحية العملية والقانونية حسب قانون أصول المحاكمات المدنية الأردني
250 _aط1
264 3 1 _aعمان : جخالد يوسف الفندي الزعبي ، 1994
300 _a259ص
336 _atext
_btxt
_2rdacontent
337 _aunmediated
_bn
_2rdamedia
338 _avolume
_bnc
_2rdacarrier
650 4 _aالدعوى المدنية -- قانون المرافعات -- الاردن
_946877
999 _aA20424
_c23992
_d23992